Suahili verbs - Statistics

General Stats
  • This quiz has been taken 5 times
  • The average score is 23 of 72
Answer Stats
English Swahili % Correct
To eat Kula
100%
To sleep Kulala
100%
To love/like Kupenda
100%
To go Kwenda /Kuenda
100%
To understand Kuelewa
67%
To do Kufanya
67%
To work Kufanya kazi
67%
To come Kuja
67%
To know Kujua
67%
To run Kukimbia
67%
To drink Kunywa
67%
To talk Kuongea
67%
To cook Kupika
67%
To read/study Kusoma
67%
To walk Kutembea
67%
To promise Kuahidi
33%
To write Kuandika
33%
To play Kucheza
33%
To hate/dislike Kuchukia
33%
To take Kuchukua
33%
To think Kufikiri
33%
To be happy Kufurahi
33%
To feel Kuhisi
33%
To sing Kuimba
33%
To enter Kuingia
33%
To call (shout or summon) Kuita
33%
To answer Kujibu
33%
To welcome Kukaribisha
33%
To miss/lack Kukosa
33%
To remember Kukumbuka
33%
To cry Kulia
33%
To pray/request Kuomba
33%
To see Kuona
33%
To climb/get on Kupanda
33%
To get Kupata
33%
To rest Kupumzika
33%
To relax Kupumzika
33%
To return Kurudi
33%
To travel Kusafiri
33%
To forget Kusahau
33%
To say/speak Kusema
33%
To wonder/be amazed Kushangaa
33%
To descend/get off Kushuka
33%
To thank Kushukuru
33%
To listen Kusikiliza
33%
To give Kutoa
33%
To exit Kutoka
33%
To ask Kuuliza
33%
To have Kuwa na
33%
To wake up Kuamka
0%
To laugh Kucheka
0%
To burn/grill Kuchoma
0%
To close Kufunga
0%
To open Kufungua
0%
To borrow Kukopa
0%
To lend Kukopesha
0%
To buy Kununua
0%
To bathe Kuoga
0%
to swim kuogelea
0%
To pick up Kuokota
0%
To arrange Kupanga
0%
To brush teeth Kupiga mswaki
0%
To iron clothes Kupiga nguo pasi
0%
To clean Kusafisha
0%
To clean the house Kusafisha nyumba
0%
To hear Kusikia
0%
To manage Kusimamia
0%
To fix/make Kutengeneza
0%
To sell Kuuza
0%
To wear Kuvaa
0%
To turn on/light Kuwasha
0%
To turn off/extinguish Kuzima
0%
No matching quizzes found
Score Distribution
Percent of People with Each Score
Percentile by Number Answered
Your Score History
You have not taken this quiz